000 00968nam a2200265Ia 4500
003 OSt
005 20221005112607.0
006 a|||||r|||| 00| 0
007 ta
008 221004b |||||||| |||| 00| 0 pan d
020 _a9789383392162 (hbk)
_cINR 195.00
024 _a44975
037 _b1066, 22/02/2019, H.K. Prakashan
_cTextual
040 _aCRL
_cCRL
_bpan
041 _2pan
_apan
082 _aO153,1NAMx, Q8
100 _aਅੰਬਾਲਵੀ, ਸੰਤੋਖ ਸਿੰਘ, ਂਚ.
245 0 _aਧੁਰ ਅੰਦਰੋ੍ਵ
260 _aਚੰਡੀਗੜ੍ਹ
_bਲੋਕਗੀਤ ਪ੍ਰਕਾFਨ ਭਾਰਤ
_c2018
300 _a92ਪ੍ਰ0
_ccm.
650 _a ਪੰਜਾਬੀ ਕਾਵਿ
650 _aਪੰਜਾਬੀ ਸਾਹਿਤ
942 _hO153,1NAMx, Q8
_cTEXL
_2cc
999 _c1025366
_d1025366